Medzinárodný účtovný štandard IAS 18 Výnosy z bežnej činnosti
Pôvodný medzinárodný účtovný štandard IAS-18 Vykazovanie výnosov bol v roku 1993 nahradený revidovaným znením pod názvom Výnosy z bežnej činnosti. Cieľ a rozsah tohto štandardu. Definície.
Salvato in:
| Autore principale: | |
|---|---|
| Altri autori: | |
| Natura: | Capitolo di libro |
| Lingua: | slovacco |
| Soggetti: | |
| Tags: |
Nessun Tag, puoi essere il primo ad aggiungerne!!
|
MARC
| LEADER | 00000naa a2200000 4500 | ||
|---|---|---|---|
| 001 | r041944 | ||
| 005 | 20231002122818.3 | ||
| 041 | 0 | |a slo | |
| 044 | |a SK | ||
| 245 | 1 | 0 | |a Medzinárodný účtovný štandard IAS 18 |b Výnosy z bežnej činnosti |c Lenka Jankurová, Juraj Mičko |
| 520 | |a Pôvodný medzinárodný účtovný štandard IAS-18 Vykazovanie výnosov bol v roku 1993 nahradený revidovaným znením pod názvom Výnosy z bežnej činnosti. Cieľ a rozsah tohto štandardu. Definície. | ||
| 610 | 2 | 0 | |a účtovníci |
| 610 | 2 | 0 | |a účtovanie |
| 610 | 2 | 0 | |a štandardy |
| 610 | 2 | 0 | |a výnosy podnikové |
| 610 | 2 | 0 | |a IAS 18 |
| 100 | 1 | |a Jankurová, Lenka | |
| 700 | 1 | |a Mičko, Juraj | |